Family living (Бичлэгийн дугаар. 145899)
| 000 -УДИРДЛАГА | |
|---|---|
| Удирдлага | 00819nam a22002897a 4500 |
| 003 - ХЯНАЛТЫН ТОО ТОДОРХОЙЛОГЧ | |
| Код | MN-UlNUM |
| 005 - БИЧИЛТ ХИЙСЭН ОГНОО | |
| Тухайн бичилтийг бичсэн засварласан сүүлийн огноо | 20251211093933.0 |
| 008 - ЕРӨНХИЙ МЭДЭЭЛЭЛ | |
| Ерөнхий мэдээлэл | 251211s1994 nyuab||| |||| 001 0 eng | |
| 020 ## - ISBN | |
| ISBN | 0314915362 |
| 040 ## - БИЧЛЭГ ҮҮСГЭГЧ БАЙГУУЛЛАГА | |
| Бичлэг үүсгэгч номын сангийн код | МУИС-ийн номын сан |
| 084 ## - ББК АНГИЛАЛ | |
| Нэмэлт тусгалт | Бусад |
| ББК ангилал | 60.56 |
| Зохиогчийн гурван тэмдэгт | C 19 |
| Мэдлэгийн ялгаа | 6 - Нийгэм |
| 100 1# - ЗОХИОГЧ | |
| Зохиогчийн нэр | Cox D. Frank |
| 245 10 - ҮНДСЭН ГАРЧИГ | |
| Номын нэр | Family living |
| Бага гарчгийн мэдээ | Relationships and Decisions |
| 260 ## - ГАРАЛТЫН МЭДЭЭ | |
| Хэвлэгдсэн газар | New York : |
| Хэвлэлийн газар | Macmillan, |
| Хэвлэгдсэн он | 1994. |
| 300 ## - МАТЕРИАЛЫН ТОДОРХОЙЛОЛТ | |
| хуудасны тоо | xiii, 487p.: |
| Бусад тоон мэдээлэл | ill. ; |
| Хэмжээ | 24 cm. |
| 500 ## - Тайлбар | |
| Дансны дугаар | БС 4565 |
| 546 ## - ХЭЛНИЙ ТУХАЙ МЭДЭЭ | |
| Хэл | Англи хэл дээр, |
| 653 ## - Түлхүүр үг | |
| Түлхүүр үг | living |
| 653 ## - Түлхүүр үг | |
| Түлхүүр үг | healthy |
| 653 ## - Түлхүүр үг | |
| Түлхүүр үг | economic |
| 740 ## - НОМЫН ГАРЧИГ | |
| Гарчиг | Relationships: Creating Strong and Healthy Families |
| 740 ## - НОМЫН ГАРЧИГ | |
| Гарчиг | Making Decisions That Lead to a Fulfilling Life |
| 740 ## - НОМЫН ГАРЧИГ | |
| Гарчиг | Personality Development |
| 740 ## - НОМЫН ГАРЧИГ | |
| Гарчиг | Personality Development and Adolescence |
| 942 ## - ЭЛЕМЕНТИЙН ТӨРӨЛ | |
| Зүйлийн төрөл | Ном |
